<?xml version="1.0" encoding="UTF-8"?>
<collection xmlns="http://www.loc.gov/MARC21/slim">
    <record>
        <controlfield tag="001">63756</controlfield>
        <controlfield tag="005">20171221155153.0</controlfield>
        <datafield tag="037" ind1=" " ind2=" ">
            <subfield code="a">TAZ-TFM-2017-192</subfield>
        </datafield>
        <datafield tag="041" ind1=" " ind2=" ">
            <subfield code="a">spa</subfield>
        </datafield>
        <datafield tag="100" ind1="1" ind2=" ">
            <subfield code="a">Barhoumi, Naouel</subfield>
        </datafield>
        <datafield tag="242" ind1="0" ind2="0">
            <subfield code="a">Inclusion of different levels of faba bean silage in rations for dairy cow: effect on voluntary intake based on the content of secondary components</subfield>
        </datafield>
        <datafield tag="245" ind1="0" ind2="0">
            <subfield code="a">INCLUSION DE DIFERENTES NIVELES DE ENSILADO DE HABA FORRAJERA EN RACIONES PARA VACUNO LECHERO: EFECTO SOBRE LA INGESTION VOLUNTARIA EN FUNCION DEL CONTENIDO EN COMPONENTES SECUNDARIOS</subfield>
        </datafield>
        <datafield tag="260" ind1=" " ind2=" ">
            <subfield code="a">Zaragoza</subfield>
            <subfield code="b">Universidad de Zaragoza</subfield>
            <subfield code="c">2017</subfield>
        </datafield>
        <datafield tag="506" ind1=" " ind2=" ">
            <subfield code="a">by-nc-sa</subfield>
            <subfield code="b">Creative Commons</subfield>
            <subfield code="c">3.0</subfield>
            <subfield code="u">http://creativecommons.org/licenses/by-nc-sa/3.0/</subfield>
        </datafield>
        <datafield tag="520" ind1=" " ind2=" ">
            <subfield code="a">Para alcanzar la sostenibilidad económica y ambiental en las explotaciones de la Cornisa Cantábrica, se están investigando cultivos de invierno alternativos al raigrás italiano para rotar con maíz forrajero. En este contexto, el objetivo del trabajo es evaluar la influencia del contenido en compuestos secundariospresentes en los ensilados que integran las raciones unifeed,sobre la ingestión voluntaria en vacas lecheras.  Para el trabajo se utilizaron las instalaciones y el rebaño de leche del SERIDA de Villaviciosa con un sistema de producción semi-extensivo con 18 horas de pastoreo y 6 horas de consumo de mezcla unifeed balanceada.  Para los ensayos de ingestión se siguió un diseño en cuadrado latino de 3x3 con 9 vacas frisonas en el segundo tercio de lactación, utilizando una estabulación libre dotada de 12 comederos individuales y monitorizados para controlar el consumo individual de alimento y provista de un robot de ordeño con registro automático de producción y muestreo de leche. Se compararon tres dietas con diferente nivel de inclusión de ensilado de haba forrajera. En cada periodo, cada tipo de ensilado se asignó al azar a un grupo de animales de manera que al final del tercer periodo todos los animales consumieron los tres tipos de ensilados. Paralelamente se procedió al análisis de los alimentos (valor nutritivo y componentes secundarios) y de la leche. Se determinó el contenido en compomentes secundarios presentes en los forrajes objeto de estudio en diferentes etapas desde la cosecha hasta su incorporación en la ración (forraje verde, prehenificado, ensilado y mezclas completas). El análisis de las moléculas bioactivasincluye el procesado, preparación y análisis de muestras siguiendo un método adaptado por el SERIDA y basado en la determinación del contenido de fenoles totales mediante el método de FOLIN-CIOCALTEU y la determinación de taninoscondensados mediante el ensayo de la VAINILLINA.</subfield>
        </datafield>
        <datafield tag="521" ind1=" " ind2=" ">
            <subfield code="a">Máster Universitario en Nutrición Animal</subfield>
        </datafield>
        <datafield tag="540" ind1=" " ind2=" ">
            <subfield code="a">Derechos regulados por licencia Creative Commons</subfield>
        </datafield>
        <datafield tag="700" ind1=" " ind2=" ">
            <subfield code="a">Martínez Fernández, Adela</subfield>
            <subfield code="e">dir.</subfield>
        </datafield>
        <datafield tag="700" ind1=" " ind2=" ">
            <subfield code="a">Vicente Mainar, Fernando</subfield>
            <subfield code="e">dir.</subfield>
        </datafield>
        <datafield tag="710" ind1="2" ind2=" ">
            <subfield code="a">Universidad de Zaragoza</subfield>
            <subfield code="b">Producción Animal y Ciencia de los Alimentos</subfield>
            <subfield code="c">Nutrición y Bromatología</subfield>
        </datafield>
        <datafield tag="720" ind1="2" ind2=" ">
            <subfield code="a">Maneul Fondevila Camps</subfield>
            <subfield code="e">ponente</subfield>
        </datafield>
        <datafield tag="856" ind1="0" ind2=" ">
            <subfield code="f">732674@celes.unizar.es</subfield>
        </datafield>
        <datafield tag="856" ind1="4" ind2=" ">
            <subfield code="s">5254222</subfield>
            <subfield code="u">http://zaguan.unizar.es/record/63756/files/TAZ-TFM-2017-192.pdf</subfield>
            <subfield code="y">Memoria (spa)</subfield>
        </datafield>
        <datafield tag="909" ind1="C" ind2="O">
            <subfield code="o">oai:zaguan.unizar.es:63756</subfield>
            <subfield code="p">driver</subfield>
            <subfield code="p">trabajos-fin-master</subfield>
        </datafield>
        <datafield tag="950" ind1=" " ind2=" ">
            <subfield code="a"></subfield>
        </datafield>
        <datafield tag="951" ind1=" " ind2=" ">
            <subfield code="a">deposita:2017-12-21</subfield>
        </datafield>
        <datafield tag="980" ind1=" " ind2=" ">
            <subfield code="a">TAZ</subfield>
            <subfield code="b">TFM</subfield>
            <subfield code="c">VET</subfield>
        </datafield>
    </record>

    
</collection>